Statistics for Capitals of the World from North to South (With Map)

Click here to take the quiz!

General Stats

  • This quiz has been taken 143 times
    (121 since last reset)
  • The average score is 103 of 200

Answers on the Map

Answers color-coded by a green-red scale on the quiz's map according to % correct below.
 

Answer Stats

LatitudeCapital% Correct
55.67Copenhagen
97%
53.33Dublin
97%
60.17Helsinki
97%
53.90Minsk
97%
55.75Moscow
97%
59.95Oslo
97%
64.13Reykjavik
97%
56.93Riga
97%
59.32Stockholm
97%
59.43Tallinn
97%
54.68Vilnius
97%
52.37Amsterdam
95%
52.52Berlin
95%
51.50London
95%
51.17Nur-Sultan
95%
52.23Warsaw
95%
48.13Bratislava
89%
50.85Brussels
89%
50.45Kyiv
89%
49.60Luxembourg
89%
48.85Paris
89%
50.08Prague
89%
47.92Ulaanbaatar
89%
48.20Vienna
89%
46.95Bern
87%
47.47Budapest
87%
47.00Chisinau
87%
46.05Ljubljana
87%
45.42Ottawa
87%
47.13Vaduz
87%
45.82Zagreb
87%
44.82Belgrade
84%
44.42Bucharest
84%
43.93San Marino
79%
43.87Sarajevo
79%
42.50Andorra la Vella
76%
42.87Bishkek
76%
43.72Monaco
76%
42.43Podgorica
76%
42.67Pristina
76%
41.9028Rome
76%
42.00Skopje
76%
42.70Sofia
76%
41.27Tashkent
76%
41.72Tbilisi
76%
41.32Tirana
76%
41.9029Vatican City
76%
39.87Ankara
74%
40.41Baku
74%
39.90Beijing
74%
38.70Lisbon
74%
40.42Madrid
74%
39.02Pyongyang
74%
38.90Washington, D.C.
74%
40.18Yerevan
74%
37.97Athens
71%
38.53Dushanbe
71%
37.55Seoul
71%
31.93Amman
68%
37.93Ashgabat
68%
30.05Cairo
68%
31.78Jerusalem
68%
27.70Kathmandu
68%
29.37Kuwait City
68%
28.60New Delhi
68%
35.17Nicosia
68%
32.90Tripoli
68%
36.77Algiers
66%
33.33Baghdad
66%
33.88Beirut
66%
33.50Damascus
66%
25.28Doha
66%
33.72Islamabad
66%
34.53Kabul
66%
34.03Rabat
66%
35.72Tehran
66%
27.47Thimphu
66%
35.68Tokyo
66%
36.80Tunis
66%
35.88Valletta
66%
24.47Abu Dhabi
63%
23.73Dhaka
63%
26.22Manama
63%
23.60Muscat
63%
25.07Nassau
63%
24.63Riyadh
63%
25.03Taipei
63%
21.03Hanoi
61%
23.12Havana
61%
19..43Mexico City
61%
19.75Naypyidaw
61%
17.97Vientiane
58%
18.10Nouakchott
55%
15.37Sana'a
55%
15.63Khartoum
53%
17.98Kingston
53%
18.53Port-au-Prince
53%
18.47Santo Domingo
53%
15.33Asmara
50%
17.30Basseterre
50%
17.25Belmopan
50%
14.60Guatemala City
50%
17.12St. John's
50%
13.75Bangkok
47%
14.02Castries
47%
14.68Dakar
47%
14.58Manila
47%
15.30Roseau
47%
14.10Tegucigalpa
47%
13.45Banjul
45%
14.92Praia
45%
13.68San Salvador
45%
11.58Djibouti
42%
13.52Niamey
42%
11.55Phnom Penh
42%
12.65Bamako
39%
11.85Bissau
39%
13.11Bridgetown
39%
13.15Kingstown
39%
12.13Managua
39%
12.10N'Djamena
39%
12.35Ouagadougou
39%
12.05St. George's
37%
10.67Port of Spain
34%
9.02Addis Ababa
32%
-35.30Canberra
32%
10.50Caracas
32%
9.93San José
32%
6.90Sri Jayawardenepura Kotte
32%
-41.28Wellington
32%
9.07Abuja
29%
-29.12Bloemfontein
29%
-34.60Buenos Aires
29%
9.52Conakry
29%
8.48Freetown
29%
6.80Georgetown
29%
7.07Majuro
29%
-25.97Maputo
29%
-34.88Montevideo
29%
7.48Ngerulmud
29%
6.92Palikir
29%
8.98Panama City
29%
-25.73Pretoria
29%
-33.45Santiago
29%
6.82Yamoussoukro
29%
-33.92Capetown
26%
-24.65Gaborone
26%
-29.30Maseru
26%
6.50Porto-Novo
26%
-25.27Asunción
24%
-6.20Jakarta
24%
-26.32Mbabane
24%
-22.57Windhoek
24%
-18.93Antananarivo
21%
-15.78Brasília
21%
-8.57Dili
21%
-17.85Harare
21%
3.13Kuala Lumpur
21%
-16.49La Paz
21%
-13.98Lilongwe
21%
-12.03Lima
21%
-8.83Luanda
21%
-15.42Lusaka
21%
2.03Mogadishu
21%
-11.68Moroni
21%
-1.28Nairobi
21%
-20.15Port Louis
21%
-9.50Port Moresby
21%
1.28Singapore
21%
-19.04Sucre
21%
-13.83Apia
18%
4.88Bandar Seri Begawan
18%
-4.27Brazzaville
18%
-6.17Dodoma
18%
-3.43Gitega
18%
0.30Kampala
18%
-1.93Kigali
18%
-4.32Kinshasa
18%
4.17Malé
18%
-21.13Nuku'alofa
18%
-17.75Port Vila
18%
-4.62Victoria
18%
5.55Accra
16%
4.37Bangui
16%
4.58Bogotá
16%
-8.52Funafuti
16%
-9.43Honiara
16%
4.85Juba
16%
0.38Libreville
16%
6.12Lomé
16%
3.75Malabo
16%
6.30Monrovia
16%
5.87Paramaribo
16%
-0.25Quito
16%
0.33São Tomé
16%
1.43South Tarawa
16%
-18.13Suva
16%
3.87Yaoundé
16%
-0.53Yaren
16%
6.37Cotonou
13%

Score Distribution

Percentile by Number Answered

Percent of People with Each Score

Your Score History

You have not taken this quiz since the last reset